000 00306nam a22001337a 4500
008 170608b xxu||||| |||| 00| 0 eng d
020 _a9780312162450
041 _aeng
080 _a327
100 _a18
101 _aSHP
245 _aTHEORIES INTERNATIONAL RELATIONS
_cBURCHILL.S
942 _2udc
_cBK
999 _c16381
_d16381